| 000 | 00669na a2200217 4500 | ||
|---|---|---|---|
| 001 | 17099 | ||
| 003 | MIRAKIL | ||
| 005 | 20181213154755.0 | ||
| 008 | 161022b tu 000 0 | ||
| 040 |
_aMilas _btur _cTR-AnCHP |
||
| 041 | _atur | ||
| 082 |
_a364.151 _bİ78 2010 |
||
| 090 | _a364.151 İ78 2010 | ||
| 245 |
_aİsveç parlamentosu'nda soykırım tartışmaları ve tanıma kararının alınması _cderleyenler: Asım Kurtoğlu, A. Haydar Akan |
||
| 260 |
_a[y.y.] _bTürkiye Bilgi Forumu _c2010 |
||
| 300 |
_a147 s. _c21 sm. |
||
| 650 |
_aSoykırım _xTartışmalar _zİsveç |
||
| 700 | _aAkan, A. Haydar | ||
| 700 | _aKurtoğlu, Asım | ||
| 942 |
_2dcc _cBKS |
||
| 999 |
_c624 _d624 |
||